Statistics for Countries Without Armed Forces

Click here to take the quiz!

General Stats

  • This quiz has been taken 14 times
  • The average score is 13 of 21

Answer Stats

No. (#)Country% Correct
15.Vatican City
93%
1.Andorra
86%
5.Liechtenstein
86%
19.Monaco
79%
16. (Now, the countries no standing army,
but limited military.)
Costa Rica
71%
9.Palau
71%
13.Solomon Islands
71%
14.Tuvalu
71%
7.Federated States of Micronesia
64%
6.Marshall Islands
64%
8.Nauru
64%
12.Samoa
64%
21.Vanuatu
64%
17.Iceland
57%
11.Saint Vincent and the Grenadines
57%
4.Kiribati
50%
10.Saint Lucia
50%
2.Dominica
43%
3.Grenada
43%
18.Mauritius
36%
20.Panama
29%

Score Distribution

Percentile by Number Answered

Percent of People with Each Score

Your Score History

You have not taken this quiz